Model bSDS a jeho uplatnenie v kúpeľníctve
Charakteristika modelu bSDS. Cieľ modelu - priniesť kúpeľom nástroj, ktorý im zabezpečí prehľad, v ktorých oblastiach musia dosahovať lepšie výsledky, aby sa podnik priblížil k udržateľnému rozvoju alebo rastu. Ukazovatele udržateľnosti v kúpeľoch. Využiteľnosť modelu bSDS na internete. Prínosy mode...
Gespeichert in:
| 1. Verfasser: | |
|---|---|
| Format: | Buchkapitel |
| Sprache: | Slowakisch |
| Schlagworte: | |
| Tags: |
Keine Tags, Fügen Sie das erste Tag hinzu!
|
MARC
| LEADER | 00000naa a2200000 4500 | ||
|---|---|---|---|
| 001 | 0172173 | ||
| 005 | 20240502072943.6 | ||
| 041 | 0 | |a slo | |
| 044 | |a SK | ||
| 245 | 1 | 0 | |a Model bSDS a jeho uplatnenie v kúpeľníctve |c Peter Štefaňák |
| 520 | |a Charakteristika modelu bSDS. Cieľ modelu - priniesť kúpeľom nástroj, ktorý im zabezpečí prehľad, v ktorých oblastiach musia dosahovať lepšie výsledky, aby sa podnik priblížil k udržateľnému rozvoju alebo rastu. Ukazovatele udržateľnosti v kúpeľoch. Využiteľnosť modelu bSDS na internete. Prínosy modelu. | ||
| 610 | 2 | 0 | |a kúpele |
| 610 | 2 | 0 | |a kúpeľníctvo |
| 610 | 2 | 0 | |a modely |
| 610 | 2 | 0 | |a rozvoj trvalo udržateľný |
| 610 | 2 | 0 | |a náročnosť energetická |
| 610 | 2 | 0 | |a recyklácia odpadu |
| 610 | 2 | 0 | |a produktivita práce |
| 610 | 2 | 0 | |a rentabilita |
| 610 | 2 | 0 | |a mzdy |
| 610 | 2 | 0 | |a fluktuácia |
| 610 | 2 | 0 | |a internet |
| 100 | 1 | |a Štefaňák, Peter | |